| 000 -ლიდერი |
| ფიქსირებული სიგრძის საკონტროლო ველი |
01382nam a2200277Ia 4500 |
| 001 - საკონტროლო ნომერი |
| საკონტროლო ველი |
20428 |
| 003 - საკონტროლო ნომრის იდენტიფიკატორი |
| საკონტროლო ველი |
GE_BSU |
| 005 - ბოლო ოპერაციის თარიღი და დრო |
| საკონტროლო ველი |
20201206160217.0 |
| 008 - ფიქსირებული სიგრძის მონაცემთა ელემენტები - ზოგადი ინფორმაცია |
| ფიქსირებული სიგრძის საკონტროლო ველი |
181216s1986||||ge |||||||||||||| ||geo|| |
| 040 ## - კატალოგიზაციის წყარო |
| Transcribing agency |
GE_BSU |
| 041 ## - ენის კოდი |
| Language code of text/sound track or separate title |
geo |
| 080 ## - უნივერსალური ათობითი კლასიფიკაციის ინდექსი |
| Universal Decimal Classification number |
811.353.1-84(075.3=161.1) დ-15 |
| 100 ## - მთავარი ჩანაწერი - პიროვნების სახელი |
| Personal name |
დავითიანი, ა. |
| 9 (RLIN) |
3905 |
| 245 ## - ცნობა სათაურის შესახებ |
| Title |
ქართული ენა : |
| Remainder of title |
საქ. სსრ რუსული სკოლის VIII კლ. სახელმძღვ. / |
| Statement of responsibility, etc |
ა.დავითიანი, ლ. წულაძე, თ. ციხისელი ; რედ. ნ. ნოდია. ა. კაზანჯიანი. |
| 250 ## - გამოცემის ცნობა |
| Edition statement |
მე-2 გამოცემა |
| 264 ## - წარმოების, გამოცემის, დისტრიბუციის და სხვა ცნობები |
| გამოცემის, წარმოების, დისტრიბუციის... ადგილი |
თბილისი : |
| გამოცემის, წარმოების, დისტრიბუციის... სახელწოდება |
განათლება, |
| გამოცემის, წარმოების, დისტრიბუციის... თარიღი |
1986. |
| 300 ## - ფიზიკური აღწერა |
| Extent |
116 გვ. : |
| Other physical details |
ილ. ; |
| Dimensions |
21სმ. |
| 653 ## - INDEX TERM--UNCONTROLLED |
| Uncontrolled term |
საქართველოს სსრ რუსული სკოლის VIII კლასის სახელმძღვანელო |
| 653 ## - INDEX TERM--UNCONTROLLED |
| Uncontrolled term |
ქართული ენა |
| 700 ## - ADDED ENTRY--PERSONAL NAME |
| Personal name |
წულაძე, ლ. |
| Relator term |
ავტორი |
| 9 (RLIN) |
9844 |
| 700 ## - ADDED ENTRY--PERSONAL NAME |
| Personal name |
ციხისელი, თ. |
| Relator term |
ავტორი |
| 9 (RLIN) |
9845 |
| 700 ## - ADDED ENTRY--PERSONAL NAME |
| Personal name |
ნოდია, ნ. |
| Relator term |
რედაქტორი |
| 9 (RLIN) |
9840 |
| 700 ## - ADDED ENTRY--PERSONAL NAME |
| Personal name |
კაზანჯიანი, ა. |
| Relator term |
რედაქტორი |
| 9 (RLIN) |
9846 |
| 942 ## - ADDED ENTRY ELEMENTS (KOHA) |
| Koha item type |
წიგნი |
| Source of classification or shelving scheme |
|